000 02003cam a22004934i 4500
003 PE-LiUPU
005 20250731165445.0
008 150617s r 000 0 d
035 _a(Sirsi) a16811
035 _a(Sirsi) a16811
040 _aPE-LiUPU
_bspa
_cPE-LiUPU
_erda
049 _aPRUA
082 0 4 _a202
_bP26
_221
245 0 0 _aDirectorio evangelico 1986 /
_cdirigida por Rubén Paredes.
264 1 _aLima :
_bPromies,
_c1986.
300 _a369 páginas planos ;
_c22 cm.
336 _atext
_2rdacontent
337 _aunmediated
_2rdamedia
338 _avolume
_2rdacarrier
505 0 _aIglesias de Lima Metropolitana y de la provincia constitucional del Callao: Lista de iglesias por orden alfabético de Lima Metropolitana y Callao. -Lista de iglesias por orden denominacional de Lima Metropolitana y Callao. -Lista de e iglesias por orden distrital de Lima Metropolitana. -Denominaciones: Lista de denominaciones y/o Asociaciones Evangélicas en el Perú. -Entidades: Lista de entidades e instituciones en el Perú.
526 _aSEG44
526 _aSEG26
526 _aP151
526 _aP150
526 _aP149
526 _aP146
526 _aP145
526 _aP126
526 _aP125
526 _aP92
526 _aP75
526 _aP74
526 _aP27
526 _aP15
650 0 4 _aIglesias evangélicas
_zPerú
_vDirectorios.
700 1 _aParedes, Rubén,
_edirector.
910 _ajck
_bjvq
_cjck
_d20150616
942 _2ddc
_cBOOK
949 _a202 P26
_wDEWEY
_c1
_i26148
_lRC
_mBUL
_r0
_sY
_tBOOK
_u2015-4-21
_xTEOLOGIA
_PP35
_0COMPRA
_o.CIRCNOTE. No olvidar cambiar la fecha de devolución!!!!!!!
_o.STAFF. Colección General
994 _aC0
_bPEPRU
596 _a1
999 _aRC 202 P26
_wDEWEY
_c16322
_i26148
_f2021-11-8
_g7
_lCCODEBUL1
_mBUL
_r1
_sY
_tBOOK
_u2015-4-21
_xTEOLOGIA
_PP35
_0COMPRA
_o.CIRCNOTE. No olvidar cambiar la fecha de devolución!!!!!!!
_o.STAFF. Colección General
_d16322
980 _81
_gALBERTO SANCHEZ Responsable de Automatización